Busiest US cruise ship ports Quiz Stats

Quiz not verified by Sporcle

Challenge
Share
Tweet
Embed
Score 0/15 Timer 03:00
1 Play Today
Rank (2008) Port % Correct
1Miami FL
97%
6New York NY
92.1%
4Los Angeles CA
80.3%
7Seattle WA
80.1%
12New Orleans LA
74%
10Tampa FL
73.5%
8San Diego CA
71.2%
3Fort Lauderdale FL
61.6%
Rank (2008) Port % Correct
9Galveston, TX
48.7%
13Honolulu HI
46%
15Mobile AL
40%
2Port Canaveral FL
35.9%
11Long Beach CA
32.7%
5San Juan PR
28.9%
14Cape Liberty NJ (Bayonne)
18.2%

You're not logged in!

Compare scores with friends on all Sporcle quizzes.
Sign Up with Email
OR
Log In

You Might Also Like...

Show Comments

Extras

Top Quizzes Today


Score Distribution

Your Account Isn't Verified!

In order to create a playlist on Sporcle, you need to verify the email address you used during registration. Go to your Sporcle Settings to finish the process.